00393pab a2200145 454500008004000000100002100040245005100061260000900112300001300121362001100134650003200145650002900177650002100206773002000227180718b2004 xxu||||| |||| 00| 0 eng d aChatterjee, T.K. aFinancing higher education: managing resources c2004 ap.73-76. a27 Dec aEducational budgets - India aHigher education - India aHigher education aUniversity News